Culture Générale - Série 280 - Statistiques

Statistiques générales
  • Ce quiz a été pris 328 fois
  • Le résultat moyen est 5 sur 10
Statistiques - réponses
Question Réponse % Correct
Quelle épreuve cycliste est surnommée le Giro ? Le Tour d'Italie
85%
Combien y a-t-il de cartes de coeur dans un jeu de 52 cartes traditionnel ? 13
83%
Quelle est la nationalité du pilote automobile Fernando Alonso ? Espagnole
83%
Quelle dynastie succède aux Carolingiens en 987 ? Les Capétiens
70%
Combien de temps met-on pour faire deux kilomètres en pédalant à 10 km/h ? 12 minutes
66%
Qui chante "Enfants de tous pays" en 1963 ? Enrico Macias
54%
En 2008, quel styliste fait la publicité du gilet jaune pour la Sécurité routière ? Karl Lagerfeld
50%
Quel "beau métier" est chanté par Pierre Perret en 1973 ? Plombier
26%
Qui chante "Le Petit Oiseau de toutes les couleurs" en 1966 ? Gilbert Bécaud
19%
Quelle est la capitale du Pays des jouets où vivent Oui-Oui et ses amis ? Miniville
12%
Aucun quiz correspondant
Distribution des résultats
% des personnes avec chaque résultat
Percentile par nombre de réponses
Votre historique - résultats
Vous n’avez pas pris ce quiz